Türkiye gerçeğinin ışığında, doğacak partiye mektuplar (Record no. 2050)
[ view plain ]
| 000 -BAŞLIK | |
|---|---|
| Sabit Uzunlukta Kontrol Alanı | 00690na a2200241 4500 |
| 001 - KONTROL NUMARASI | |
| Denetim Alanı | 18046 |
| 003 - KONTROL NUMARASI IDENTIFIER | |
| Denetim Alanı | MIRAKIL |
| 005 - SON İŞLEM TARİHİ VE ZAMANI | |
| Denetim Alanı | 20181213154843.0 |
| 008 - SABİT-BOY VERİ ELEMANLARI - GENEL BİLGİLER | |
| Sabit Uzunlukta Kontrol Alanı | 161110b tu 000 0 |
| 035 ## - SİSTEM KONTROL NUMARASI | |
| Sistem Kontrol Numarası | 18046 |
| 040 ## - KATALOGLAMA KAYNAK | |
| Orijinal Kataloglama Ajansı | Milas |
| Kataloglama Dili | tur |
| Metne Dönüştürmek Ajansı | TR-AnCHP |
| 041 ## - DİL KODU | |
| Metin / Ses Parça Veya Ayrı Başlığın Dil Kodu | tur |
| 082 ## - DEWEY ONLU SINIFLANDIRMA NUMARASI | |
| Sınıflandırma Numarası | 324.2561 |
| Ürün Numarası | A18 2001 |
| 090 ## - SINIFLAMA NUMARASI | |
| Sınıflama Numarası | 324.2561 A18 2001 |
| 100 ## - ANA GİRİŞ - KİŞİSEL İSİM | |
| Kişisel Ad | Abuşoğlu, Tamer |
| 245 ## - BAŞLIK TABLOSU | |
| Başlık | Türkiye gerçeğinin ışığında, doğacak partiye mektuplar |
| Sorumluluk Tablosu, Vb | Tamer Abuşoğlu |
| 260 ## - YAYIN, DAĞITIM, VB | |
| Yayın, Dağıtım, Vb Yeri | Gaziantep |
| Yayıncı, Dağıtıcı, Vs Adı | Bleda Yayıncılık |
| Yayın, Dağıtım, Vb Tarihi | 2001 |
| 300 ## - FİZİKSEL TANIM | |
| Kapsam | 11 s. |
| Boyutlar | 21 sm. |
| 440 ## - SERİSİ TABLOSU / KATMA GİRİŞİ - BAŞLIK | |
| Başlık | Bleda Yayıncılık |
| Hacim / Ardışık Tanımı | 2 |
| 490 ## - SERİSİ TABLOSU | |
| Seri Beyanı | Siyasal Bilimler |
| Hacim / Ardışık Tanımı | 1 |
| 650 ## - KONU KATMA GİRİŞ - TOPİKAL DÖNEM | |
| Topikal Süreli Veya Coğrafi Ad Giriş Elemanı | Siyasal partiler |
| Genel Alt Bölümü | Öneriler |
| Coğrafi Alt Bölümü | Türkiye |
| 942 ## - EKLENDİ GİRİŞ ELEMANLARI (KOHA) | |
| Sınıflandırma Veya Raf Düzeni Kaynak | Dewey Decimal Classification |
| Koha Öğesi Türü | Books |
| 999 ## - SİSTEM KONTROL NUMARALARI (KOHA) | |
| Koha Biblionumber | 2050 |
| Koha Biblioitemnumber | 2050 |
| Kalıcı Konum | Mevcut Konum | Edinme Tarihi | Edinim Kaynak | Toplam Check-Out'Lar | Tam Çağrı Numarası | Barkod | Tarih Son Görülme | İtibaren Geçerli Fiyatlar | Koha Öğesi Türü |
|---|---|---|---|---|---|---|---|---|---|
| CHP Kütüphanesi | CHP Kütüphanesi | 11/10/2016 | Bağış | 324.2561 A18 2001 | 008561 | 11/10/2016 | 11/10/2016 | Books |
